000 01176nam2a22002531 4500
001 rc\3610011
005 20250630143534.0
021 _aRU
_b[71-67781]
035 _a(NLR Aleph) 007711772
090 _a6856826
_c6856826
100 _a20130115d1971 |||y0rusy50 ca
101 0 _arus
102 _aRU
105 _aa z |||a|
200 1 _aРассказы, сказки, пьесы, басни
210 _d1971
215 _a495 с.
_cил.
461 0 _1001rc\3610008
_12001#$aСобрание сочинений$eВ 3 т.$e[Для мл. и сред. возраста$fПредисл. чл.-кор. АН СССР Д. Благого]. Т. 1-3$vТ. 3
_1700#1$aМихалков$bС. В.$cписатель$f1913-2009$gСергей Владимирович$3RU\NLR\AUTH\7792
_96856795
_aМихалков, С.В.
_c[Москва
_d1970-1971]
_fПредисл. чл.-кор. АН СССР Д. Благого]. Т. 1-3
_nДет. лит.
_oВ 3 т. : [Для мл. и сред. возраста
_p3 т.
_tСобрание сочинений
_vТ. 3
801 0 _aRU
_bNLR
_gpsbo
801 1 _aRU
_bELAR
_2rusmarc
852 _aNLR
_j70-3/5277
942 _cBOOK
980 _aNB